000 00218nam a22000857a 4500
008 170203b xxu||||| |||| 00| 0 eng d
100 _92754
_aShankaran.R.
245 _aWork Book Marrigold-III
260 _aNew Delhi
_bAPC
_c2009
999 _c5943
_d5943